Online
Catalog

Tania, the unforgettable guerrilla. / (Record no. 17197)

MARC details
000 -CABECERA
campo de control de longitud fija 00889cam a2200265 4500
001 - NÚMERO DE CONTROL
campo de control 000017672
005 - FECHA Y HORA DE LA ÚLTIMA TRANSACCIÓN
campo de control 20200929165205.0
008 - DATOS DE LONGITUD FIJA--INFORMACIÓN GENERAL
campo de control de longitud fija 720504s1971 nyua 000 0beng
010 ## - NÚMERO DE CONTROL DE LA BIBLIOTECA DEL CONGRESO
Número de control de LC 72181414
020 ## - NÚMERO INTERNACIONAL ESTÁNDAR DEL LIBRO
Número Internacional Estándar del Libro 0394711750
040 ## - FUENTE DE LA CATALOGACIÓN
Centro catalogador/agencia de origen DO-SdBNP
Centro/agencia transcriptor DLC
Centro/agencia modificador DLC
041 1# - CÓDIGO DE LENGUA
Código de lengua del texto/banda sonora o título independiente engspa
050 00 - SIGNATURA TOPOGRÁFICA DE LA BIBLIOTECA DEL CONGRESO
Número de clasificación F2849.22.B8
Número de documento/Ítem R613 1971
082 00 - NÚMERO DE LA CLASIFICACIÓN DECIMAL DEWEY
Número de clasificación 322.4/2/0924
-- B
100 1# - ENTRADA PRINCIPAL--NOMBRE DE PERSONA
Nombre de persona Rojas, Marta.
9 (RLIN) 38494
240 10 - TÍTULO UNIFORME
Título uniforme Tania, la guerrillera involvidable.
Lenguaje de la obra English
245 10 - MENCIÓN DE TÍTULO
Título Tania, the unforgettable guerrilla. /
Mención de responsabilidad, etc. Edited by Marta Rojas and Mirta Rodriguez Calderon.
260 ## - PUBLICACIÓN, DISTRIBUCIÓN, ETC.
Lugar de publicación, distribución, etc. New York, :
Nombre del editor, distribuidor, etc. Vintage Books,
Fecha de publicación, distribución, etc. [1971].
300 ## - DESCRIPCIÓN FÍSICA
Extensión 212 p. :
Otras características físicas illus. ;
Dimensiones 28 cm.
350 ## - PRECIO (NR) (BK AM CF MU VM SE) [OBSOLETO]
Precio $3.95
500 ## - NOTA GENERAL
Nota general Translation of Tania, la guerrillera inolvidable.
600 10 - PUNTO DE ACCESO ADICIONAL DE MATERIA--NOMBRE DE PERSONA
Nombre de persona Bunke, Tamara,
Fechas asociadas al nombre 1937-1967.
9 (RLIN) 38495
700 2# - PUNTO DE ACCESO ADICIONAL--NOMBRE DE PERSONA
Nombre de persona Rodriguez Calderon, Mirta,
Término indicativo de función/relación joint author.
9 (RLIN) 38496
910 ## - DATOS DE OPCIÓN DEL USUARIO (OCLC)
Datos de opción del usuario Catalogación por copia / LC
Holdings
Estado de retiro Estado de pérdida Restricciones de uso No para préstamo Código de colección Localización permanente Ubicación/localización actual Ubicación en estantería Fecha de adquisición Número de inventario Total de préstamos Signatura topográfica completa Código de barras Fecha visto por última vez Precio válido a partir de Tipo de ítem Koha
      Excluido de préstamo Monografías: Libros y Folletos General General Depósito 29.03.2010 LF1   322.4/2/0924 B 17672-10 25.06.2020 25.06.2020 No se presta

Powered by Koha